000 00369 a2200169 4500
001 183410
020 _a978-85-06-00501-9
040 _cMagnum
100 _aCarr, Stella
240 1 0 _aPedrinho esqueleto
_lpor
245 1 0 _aPedrinho esqueleto
300 _a32
362 0 _a2006
440 1 _aMelhoramentos
697 _aLITERATURA INFANTO-JUVENIL
942 _cBK
999 _c183410
_d183410